000 00547nam a2200181 a 4500
005 20210219152620.0
008 991125m19661979mx 000 0 spa u
035 _aUPN01000057511
049 _aCG
050 4 _aQA533
_bS6.18
100 1 _aSparks, Fred W.
245 1 0 _aTrigonometría plana /
_cFred W. Sparks, Paul K. Rees ; tr. José Emilio Amoros.
260 _aMéxico :
_bReverté Mexicana,
_c1966 (1979 impr.).
300 _a246 p., 76 p. de tablas
650 4 _aTRIGONOMETRIA PLANA
700 1 _aRees, Paul K.,
_ecoaut.
905 _aLibro
999 _c57511
_d57511